[Event "OSEM 2019"]
[Site "Oberviechtach"]
[Date "2019.04.14"]
[Round "4.10"]
[White "Wiesgickl, Gerhard"]
[Black "Baumüller, Steffen"]
[Result "1-0"]
[WhiteElo "1919"]
[BlackElo "1690"]
[PlyCount "87"]
[EventDate "2019.??.??"]
[WhiteTeam "DJK Amberg"]
[BlackTeam "DJK Amberg"]

1. d4 d5 2. Bf4 Nf6 3. e3 c5 4. c3 Nc6 5. Bd3 cxd4 6. cxd4 Qb6 7. Nc3 a6 8. Qd2
e6 9. Nf3 Be7 10. O-O Nh5 11. Bg3 Nxg3 12. hxg3 O-O 13. Kh2 Bd7 14. Rh1 f5 15.
Kg1 Rac8 16. g4 g6 17. gxf5 gxf5 18. Qe2 Rf7 19. Nh4 Rg7 20. f4 Na5 21. Nf3 Bf6
22. Kf2 Nc4 23. Rab1 Nd6 24. Rh6 Qd8 25. Rbh1 Ne4+ 26. Bxe4 dxe4 27. Nd2 Qe7
28. Nb3 Bc6 29. Qh5 Be8 30. Qe2 Bg6 31. Nc5 Kf7 32. g4 Rgg8 33. gxf5 exf5 34.
Qc4+ Kg7 35. Qb3 Rb8 36. Qb6 Rgc8 37. Nd5 Qf7 38. Nxf6 Qxf6 39. Rxh7+ Bxh7 40.
Rxh7+ Kg6 41. Rh6+ Kxh6 42. Qxf6+ Kh7 43. Qxf5+ Kg7 44. Ne6+ 1-0

[Event "OSEM 2019"]
[Site "Oberviechtach"]
[Date "2019.04.14"]
[Round "4.11"]
[White "Fröhlich, Manuel"]
[Black "Stöckl, Maximilian"]
[Result "1/2-1/2"]
[WhiteElo "1652"]
[BlackElo "1738"]
[PlyCount "33"]
[EventDate "2019.??.??"]
[WhiteTeam "SV OVI"]
[BlackTeam "SK Schwandorf"]

1. d4 Nf6 2. c4 e6 3. Nc3 Bb4 4. Bd2 c5 5. e3 b6 6. Nf3 Bb7 7. Bd3 O-O 8. O-O
cxd4 9. exd4 Bxc3 10. bxc3 d6 11. Re1 Nbd7 12. Bg5 Qc7 13. Bxf6 Nxf6 14. h3
Rac8 15. Rc1 Qb8 16. Re3 Qa8 17. Qe2 1/2-1/2

[Event "OSEM 2019"]
[Site "Oberviechtach"]
[Date "2019.04.14"]
[Round "4.12"]
[White "Jobst, Thomas"]
[Black "Heipeck, Jan"]
[Result "1/2-1/2"]
[WhiteElo "1862"]
[BlackElo "1495"]
[PlyCount "42"]
[EventDate "2019.??.??"]
[WhiteTeam "SC Bavaria Regensburg von 1881"]
[BlackTeam "FC Mintraching"]

1. c4 g6 2. Nc3 Bg7 3. g3 Nf6 4. Bg2 O-O 5. e4 d6 6. Nge2 Nc6 7. O-O e5 8. d3
Bg4 9. f3 Be6 10. h3 Qd7 11. Kh2 Ne8 12. Be3 Ne7 13. Qd2 f5 14. b3 Nf6 15. d4
fxe4 16. d5 Bf7 17. fxe4 c6 18. Bg5 Be8 19. g4 cxd5 20. Nxd5 Nexd5 21. cxd5 Rc8
1/2-1/2

[Event "OSEM 2019"]
[Site "Oberviechtach"]
[Date "2019.04.14"]
[Round "4.13"]
[White "Forster, Stefan"]
[Black "Horther-Schneider, Elsbeth"]
[Result "1-0"]
[WhiteElo "1665"]
[BlackElo "1851"]
[PlyCount "77"]
[EventDate "2019.??.??"]
[WhiteTeam "ASV Burglengenfeld"]
[BlackTeam "SC Windischeschenbach"]

1. d4 e6 2. Nf3 d5 3. e3 Nf6 4. Bd3 c5 5. b3 Nc6 6. Bb2 cxd4 7. exd4 Bd6 8. Ne5
O-O 9. O-O Nb4 10. Be2 Qc7 11. c4 b6 12. Nd2 Bb7 13. a3 Nc6 14. f4 Qe7 15. Bd3
Nd7 16. Rf3 f5 17. Rh3 Nf6 18. Qe2 Bxe5 19. dxe5 Ng4 20. cxd5 Qc5+ 21. Kf1 Qxd5
22. Bc4 Qd7 23. Nf3 h6 24. Rd1 Qe7 25. Rg3 Na5 26. h3 Nxc4 27. bxc4 Bxf3 28.
gxf3 Qh4 29. Kg2 g5 30. hxg4 gxf4 31. Rh3 Qg5 32. Rh5 Qg7 33. Rdh1 fxg4 34. Kf1
g3 35. Kg2 Rad8 36. Rxh6 Rd7 37. Rxe6 Rfd8 38. Rd6 Qe7 39. Rxd7 1-0

[Event "OSEM 2019"]
[Site "Oberviechtach"]
[Date "2019.04.14"]
[Round "4.14"]
[White "Bauer, Peter"]
[Black "Preischl, Manfred"]
[Result "1/2-1/2"]
[WhiteElo "1595"]
[BlackElo "1489"]
[PlyCount "74"]
[EventDate "2019.??.??"]
[WhiteTeam "SV OVI"]
[BlackTeam "TSV Nittenau"]

1. d4 d5 2. Nf3 Nf6 3. Bf4 Bf5 4. h3 e6 5. e3 Bd6 6. Bxd6 Qxd6 7. Nbd2 Nbd7 8.
c4 c6 9. Be2 O-O 10. O-O h6 11. c5 Qc7 12. Qb3 e5 13. Nxe5 Nxe5 14. dxe5 Qxe5
15. Nf3 Qc7 16. Nd4 Bh7 17. Bd3 Bxd3 18. Qxd3 Ne4 19. b4 a5 20. a3 axb4 21.
axb4 b6 22. cxb6 Qxb6 23. Rxa8 Rxa8 24. Rc1 Qxb4 25. Nxc6 Qb2 26. Qc2 Qf6 27.
f3 Nd6 28. Qc3 Qxc3 29. Rxc3 Ra1+ 30. Kf2 Nf5 31. Rc2 g6 32. g4 Rh1 33. Kg2
Nxe3+ 34. Kxh1 Nxc2 35. Ne7+ Kg7 36. Nxd5 Ne1 37. f4 f5 1/2-1/2

[Event "OSEM 2019"]
[Site "Oberviechtach"]
[Date "2019.04.14"]
[Round "4.15"]
[White "Isert, Fabian"]
[Black "Baumer, Johannes"]
[Result "1/2-1/2"]
[WhiteElo "1935"]
[BlackElo "1734"]
[PlyCount "93"]
[EventDate "2019.??.??"]
[WhiteTeam "SC Bavaria Regensburg von 1881"]
[BlackTeam "SV OVI"]

1. c4 e6 2. Nf3 d5 3. g3 Bd6 4. Bg2 c6 5. b3 f5 6. Bb2 Nf6 7. O-O O-O 8. d4
Nbd7 9. Qc2 Ne4 10. Nbd2 Qf6 11. e3 g5 12. Ne1 Rf7 13. Nd3 h5 14. f4 g4 15.
Nxe4 fxe4 16. Ne5 Rh7 17. a4 Qf5 18. Ba3 Bxa3 19. Rxa3 Nf6 20. b4 Bd7 21. c5 h4
22. Rb1 Qh5 23. Kf2 Rf8 24. Raa1 Qf5 25. Qb2 Be8 26. b5 Nh5 27. Qe2 Nf6 28.
bxc6 Bxc6 29. Nxc6 bxc6 30. Qa6 Nh5 31. Rb2 e5 32. dxe5 Qxe5 33. Rab1 hxg3+ 34.
hxg3 d4 35. Qc4+ Qd5 36. Qxd4 Nf6 37. Qxd5+ cxd5 38. Rb7 Rc8 39. Rxh7 Kxh7 40.
Rc1 Kg6 41. Bf1 Nd7 42. c6 Nb6 43. a5 Nc4 44. Bxc4 Rxc6 45. Ke2 dxc4 46. Kd2
Rd6+ 47. Ke2 1/2-1/2

[Event "OSEM 2019"]
[Site "Oberviechtach"]
[Date "2019.04.14"]
[Round "4.16"]
[White "Wetzler, Sophia"]
[Black "Achhammer, Michael"]
[Result "1-0"]
[WhiteElo "1682"]
[BlackElo "1580"]
[PlyCount "57"]
[EventDate "2019.??.??"]
[WhiteTeam "SC Bavaria Regensburg von 1881"]
[BlackTeam "FC Mintraching"]

1. e4 c6 2. d4 d5 3. Nc3 dxe4 4. Nxe4 Bf5 5. Nc3 Nf6 6. Nf3 e6 7. Bg5 Be7 8.
Bd3 Bxd3 9. Qxd3 Nbd7 10. O-O-O a5 11. Rhe1 O-O 12. h4 Qc7 13. h5 h6 14. Bh4
Rfd8 15. Rg1 Qf4+ 16. Kb1 Qg4 17. Rh1 Bd6 18. Qe3 Re8 19. Bxf6 Nxf6 20. Rh4 Qf5
21. Rg1 Ng4 22. Qe2 Nf6 23. g4 Qh7 24. g5 hxg5 25. Nxg5 Qh6 26. Nce4 Be7 27.
Nxf7 Kxf7 28. Ng5+ Kf8 29. Qxe6 1-0

[Event "OSEM 2019"]
[Site "Oberviechtach"]
[Date "2019.04.14"]
[Round "4.17"]
[White "Kaltschmidt, Andreas"]
[Black "Karner, Carl-Philipp"]
[Result "1/2-1/2"]
[WhiteElo "1670"]
[BlackElo "1578"]
[PlyCount "70"]
[EventDate "2019.??.??"]
[WhiteTeam "SK Weiden"]
[BlackTeam "ASV Burglengenfeld"]

1. e4 e6 2. d4 d5 3. Nc3 Bb4 4. e5 c5 5. a3 Bxc3+ 6. bxc3 Ne7 7. Bg5 Qc7 8. Nf3
Nbc6 9. Be2 O-O 10. O-O Qb6 11. Qd2 Bd7 12. Rfb1 Qc7 13. Bd3 c4 14. Be2 Rfb8
15. Nh4 Nf5 16. Nxf5 exf5 17. Bf4 Be6 18. Qe3 Ne7 19. Qg3 Ng6 20. Bd2 Qe7 21.
Bg5 Qd7 22. h4 h6 23. Bd2 Kh7 24. h5 Ne7 25. Qf4 Ng8 26. f3 f6 27. Kf2 fxe5 28.
dxe5 Qa4 29. Qd4 Qe8 30. f4 Ne7 31. Bf3 b6 32. Be3 Rd8 33. Qd1 Nc6 34. Bd4 Qe7
35. Qh1 Na5 1/2-1/2

[Event "OSEM 2019"]
[Site "Oberviechtach"]
[Date "2019.04.14"]
[Round "4.2"]
[White "Achhammer, Thomas"]
[Black "Brüll, Martin"]
[Result "0-1"]
[WhiteElo "1860"]
[BlackElo "1782"]
[PlyCount "44"]
[EventDate "2019.??.??"]
[WhiteTeam "FC Mintraching"]
[BlackTeam "SC Bavaria Regensburg von 1881"]

1. e4 c5 2. d4 cxd4 3. c3 dxc3 4. Nxc3 d6 5. Bc4 e6 6. Nf3 Nc6 7. O-O Nf6 8.
Qe2 Be7 9. Rd1 e5 10. Be3 O-O 11. Rac1 Be6 12. Bxe6 fxe6 13. Ng5 Qd7 14. Qc4
Nd8 15. Nb5 d5 16. Nxe6 dxc4 17. Rxd7 Nxd7 18. Nxf8 Nxf8 19. Rxc4 Nc6 20. Kf1
Ne6 21. g3 a6 22. Nc3 Na5 0-1

[Event "OSEM 2019"]
[Site "Oberviechtach"]
[Date "2019.04.15"]
[Round "5.1"]
[White "Brüll, Martin"]
[Black "Ott, Ian"]
[Result "1-0"]
[WhiteElo "1782"]
[BlackElo "1818"]
[PlyCount "53"]
[EventDate "2019.??.??"]
[WhiteTeam "SC Bavaria Regensburg von 1881"]
[BlackTeam "SC Bavaria Regensburg von 1881"]

1. e4 c5 2. Nf3 d6 3. d4 cxd4 4. Nxd4 Nf6 5. Nc3 a6 6. Qf3 e6 7. Be3 Qc7 8. g4
h6 9. h4 Be7 10. Be2 Nc6 11. Nxc6 bxc6 12. g5 hxg5 13. hxg5 Rxh1+ 14. Qxh1 Nd7
15. f4 Bf8 16. Bg4 Nb6 17. b3 c5 18. O-O-O g6 19. f5 gxf5 20. exf5 Bb7 21. Qh7
exf5 22. Bxf5 Bc8 23. Bf4 Bxf5 24. Qxf5 Qd7 25. Qe4+ Qe7 26. Qc6+ Qd7 27. Qxb6
1-0

[Event "OSEM 2019"]
[Site "Oberviechtach"]
[Date "2019.04.15"]
[Round "5.2"]
[White "Vinogradov, Anatoli"]
[Black "Blodig, Martin"]
[Result "0-1"]
[WhiteElo "1782"]
[BlackElo "1841"]
[PlyCount "94"]
[EventDate "2019.??.??"]
[WhiteTeam "DJK Amberg"]
[BlackTeam "SK Kelheim"]

1. d4 d5 2. c4 e6 3. Nc3 Nf6 4. Bg5 Be7 5. e3 b6 6. Nf3 O-O 7. cxd5 Nxd5 8.
Bxe7 Qxe7 9. Nxd5 exd5 10. Be2 Bb7 11. O-O Nd7 12. Rc1 Rfc8 13. Qa4 c5 14. Ba6
Bxa6 15. Qxa6 Rc7 16. Qd3 c4 17. Qf5 Qe6 18. Qxe6 fxe6 19. Ne5 b5 20. Nxd7 Rxd7
21. Rc2 b4 22. Rfc1 Rb7 23. b3 c3 24. Kf1 a5 25. a4 bxa3 26. Rxc3 Rab8 27. Ra1
Rxb3 28. Rxa3 Rb1+ 29. Ke2 R8b2+ 30. Kf3 Rf1 31. Kf4 Rfxf2+ 32. Ke5 Rb6 33. g4
Rxh2 34. Rc8+ Kf7 35. Rc7+ Kg6 36. Re7 h5 37. Rxe6+ Rxe6+ 38. Kxe6 hxg4 39.
Kxd5 g3 40. e4 Rh5+ 41. Ke6 g2 42. Rg3+ Rg5 43. Rxg2 Rxg2 44. d5 a4 45. d6 a3
46. d7 Rd2 47. Ke7 a2 0-1

[Event "OSEM 2019"]
[Site "Oberviechtach"]
[Date "2019.04.15"]
[Round "5.3"]
[White "Landstorfer, Raphael"]
[Black "Riedl, Maximilian"]
[Result "0-1"]
[WhiteElo "1863"]
[BlackElo "1907"]
[PlyCount "53"]
[EventDate "2019.??.??"]
[WhiteTeam "TSV Kareth-Lappersdorf"]
[BlackTeam "SC Furth Waldmünchen"]

1. e4 c5 2. Nf3 Nf6 3. Nc3 Nc6 4. g3 d5 5. exd5 Nxd5 6. Nxd5 Qxd5 7. d3 Nd4 8.
Bg2 Bg4 9. Nxd4 Qxg2 10. Qxg4 Qxh1+ 11. Ke2 cxd4 12. Qxd4 Qc6 13. c3 f6 14. Be3
e5 15. Qg4 Kf7 16. Re1 h5 17. Qf5 g6 18. Qh3 Rd8 19. Rd1 e4 20. d4 Qb5+ 21. Ke1
Qxb2 22. d5 f5 23. g4 Qxc3+ 24. Kf1 hxg4 25. Qg3 Bd6 26. Bf4 Qxg3 27. Bxg3 0-1

[Event "OSEM 2019"]
[Site "Oberviechtach"]
[Date "2019.04.15"]
[Round "5.4"]
[White "Pilhöfer, Lukas"]
[Black "Nöckler, Alexander"]
[Result "0-1"]
[WhiteElo "1614"]
[BlackElo "1891"]
[PlyCount "70"]
[EventDate "2019.??.??"]
[WhiteTeam "SC Sulzbach-Rosenberg"]
[BlackTeam "SK Weiden"]

1. d4 d5 2. c4 e6 3. Nc3 Nf6 4. Nf3 Be7 5. Bf4 c6 6. e3 O-O 7. Bd3 b6 8. O-O
Nbd7 9. Ne5 Bb7 10. cxd5 exd5 11. Rc1 Rc8 12. Qa4 a5 13. Ne2 b5 14. Qc2 g6 15.
Bh6 Re8 16. Nf4 Nxe5 17. dxe5 Ng4 18. e6 f5 19. h3 Nxh6 20. g4 Rf8 21. gxf5
Nxf5 22. Kh1 Bg5 23. Rg1 Kh8 24. Bxf5 Rxf5 25. Nxg6+ hxg6 26. f4 Qf6 27. fxg5
Qxe6 28. Qc3+ Qe5 29. Qc5 Re8 30. Rgf1 Qg3 31. Qd4+ Kg8 32. Rxf5 Qxh3+ 33. Kg1
Qxf5 34. Rf1 Qxg5+ 35. Kh2 Qe5+ 0-1

[Event "OSEM 2019"]
[Site "Oberviechtach"]
[Date "2019.04.15"]
[Round "5.5"]
[White "Sanner, Christoph"]
[Black "Wiesgickl, Gerhard"]
[Result "0-1"]
[WhiteElo "1860"]
[BlackElo "1919"]
[PlyCount "78"]
[EventDate "2019.??.??"]
[WhiteTeam "SK Weiden"]
[BlackTeam "DJK Amberg"]

1. f4 b6 2. Nc3 Bb7 3. e4 c5 4. Nf3 Nc6 5. Bc4 e6 6. d3 d6 7. Ng5 h6 8. Qh5 g6
9. Qh3 Qf6 10. Nxf7 Qxf7 11. f5 gxf5 12. O-O Nf6 13. exf5 Qh5 14. Qxh5+ Nxh5
15. Nb5 d5 16. Bb3 O-O-O 17. fxe6 Bg7 18. Rf5 a6 19. Rxh5 axb5 20. Bxd5 Nd4 21.
Bxb7+ Kxb7 22. e7 Rde8 23. c3 Nc2 24. Rb1 Rxe7 25. Bf4 Re2 26. Rd5 Bf6 27. Rd7+
Ka6 28. Bc7 Bg5 29. Rf7 Rhe8 30. Bg3 Rd2 31. Rc1 Rxg2+ 32. Kxg2 Bxc1 33. Rf6
Bxb2 34. Bf2 Bxc3 35. Rxh6 Ne1+ 36. Bxe1 Rxe1 37. Kf3 Ra1 38. Re6 Rxa2 39. h4
b4 0-1

[Event "OSEM 2019"]
[Site "Oberviechtach"]
[Date "2019.04.15"]
[Round "5.6"]
[White "Gleis, Wolfgang"]
[Black "Hadzhimustafa, Erkan"]
[Result "1/2-1/2"]
[WhiteElo "1586"]
[BlackElo "1879"]
[PlyCount "110"]
[EventDate "2019.??.??"]
[WhiteTeam "SF Tegernheim"]
[BlackTeam "SC Bavaria Regensburg von 1881"]

1. d4 Nf6 2. Nf3 d5 3. Bg5 e6 4. e3 Be7 5. Bd3 O-O 6. Nbd2 Nbd7 7. O-O c6 8. c3
Qc7 9. Ne1 h6 10. Bf4 Bd6 11. Bxd6 Qxd6 12. f4 b6 13. g4 Nh7 14. h4 f5 15. g5
hxg5 16. hxg5 Nxg5 17. fxg5 Qg3+ 18. Ng2 Qxg5 19. Nf3 Qh6 20. Kf2 Nf6 21. Rh1
Qg6 22. Qg1 Ne4+ 23. Bxe4 fxe4 24. Nf4 Qxg1+ 25. Raxg1 exf3 26. Ng6 Ba6 27.
Rh8+ Kf7 28. Rxf8+ Rxf8 29. Nxf8 Kxf8 30. b3 Be2 31. Rc1 b5 32. a4 Ke7 33. axb5
cxb5 34. Ra1 g5 35. Rxa7+ Kf6 36. Ra8 Kf5 37. Rf8+ Ke4 38. Rf6 Kd3 39. Rxe6
Kxc3 40. Re5 Kxb3 41. Rxd5 g4 42. Rg5 b4 43. Rxg4 Kc3 44. Rg8 Kb2 45. Rb8 Ka3
46. d5 Bd1 47. d6 Ba4 48. Kxf3 b3 49. Kf4 b2 50. Rxb2 Kxb2 51. e4 Kc3 52. e5
Bd7 53. Kg5 Kd4 54. Kf6 Kd5 55. Ke7 Bh3 1/2-1/2

[Event "OSEM 2019"]
[Site "Oberviechtach"]
[Date "2019.04.15"]
[Round "5.7"]
[White "Stark, Martin"]
[Black "Moroz, Grigorij"]
[Result "1/2-1/2"]
[WhiteElo "1817"]
[BlackElo "1924"]
[PlyCount "37"]
[EventDate "2019.??.??"]
[WhiteTeam "SF Luhe-Wildenau"]
[BlackTeam "SK Weiden"]

1. d4 Nf6 2. Nf3 d5 3. e3 c6 4. Nbd2 Bf5 5. c4 e6 6. Qb3 Qb6 7. Ne5 Nbd7 8. f4
Be7 9. Be2 Nxe5 10. fxe5 Ne4 11. O-O O-O 12. Qxb6 axb6 13. cxd5 cxd5 14. Nxe4
Bxe4 15. Bd2 Rfc8 16. Rfc1 Kf8 17. Kf2 Ke8 18. Rxc8+ Rxc8 19. Rc1 1/2-1/2

[Event "OSEM 2019"]
[Site "Oberviechtach"]
[Date "2019.04.15"]
[Round "5.8"]
[White "Heipeck, Jan"]
[Black "Achhammer, Thomas"]
[Result "0-1"]
[WhiteElo "1495"]
[BlackElo "1860"]
[PlyCount "90"]
[EventDate "2019.??.??"]
[WhiteTeam "FC Mintraching"]
[BlackTeam "FC Mintraching"]

1. Nf3 d5 2. d3 Nc6 3. g3 e5 4. Bg2 Bf5 5. Nh4 Be6 6. Nc3 g5 7. Nf3 f6 8. O-O
Qd7 9. e4 d4 10. Nd5 Nd8 11. Nxg5 c6 12. Nxe6 Nxe6 13. Qh5+ Qf7 14. Qxf7+ Kxf7
15. Nxf6 Nxf6 16. f4 exf4 17. Bxf4 Nxf4 18. Rxf4 Bh6 19. Rf3 Be3+ 20. Kh1 Ke7
21. h3 Raf8 22. Raf1 Nd7 23. Kh2 Rxf3 24. Rxf3 Rf8 25. h4 Rxf3 26. Bxf3 Kf6 27.
g4 h6 28. Kh3 Bf2 29. Bd1 Ke5 30. g5 hxg5 31. hxg5 Kf4 32. Bg4 Nf8 33. Bc8 b6
34. e5 Kxg5 35. e6 Kf6 36. Kg2 Be3 37. Kf3 Nxe6 38. Bb7 Ng5+ 39. Kg4 c5 40. Ba8
a5 41. a4 Ke5 42. b3 Ne6 43. Bb7 c4 44. bxc4 Kd6 45. Kf5 Nc5 0-1

[Event "OSEM 2019"]
[Site "Oberviechtach"]
[Date "2019.04.15"]
[Round "5.9"]
[White "Askri, Samir"]
[Black "Brüll, Elias"]
[Result "1-0"]
[WhiteElo "1712"]
[BlackElo "1815"]
[PlyCount "59"]
[EventDate "2019.??.??"]
[WhiteTeam "DJK Amberg"]
[BlackTeam "SC Bavaria Regensburg von 1881"]

1. d4 Nf6 2. Nf3 c5 3. d5 e6 4. c4 exd5 5. cxd5 d6 6. Nc3 g6 7. Bg5 Bg7 8. Qd2
O-O 9. h4 h5 10. Bh6 Re8 11. Bxg7 Kxg7 12. Ng5 Nbd7 13. f4 Nf8 14. e4 a6 15.
O-O-O b5 16. Bd3 Qb6 17. f5 c4 18. Bb1 b4 19. Ne2 Rb8 20. Qd4 Qb5 21. fxg6 fxg6
22. Rhf1 Re5 23. Rxf6 Kxf6 24. Rf1+ Ke7 25. Nf7 c3 26. Nxe5 Qxe2 27. Nc6+ Ke8
28. Rxf8+ Kxf8 29. Qf6+ Kg8 30. Ne7+ 1-0

[Event "OSEM 2019"]
[Site "Oberviechtach"]
[Date "2019.04.15"]
[Round "5.10"]
[White "Gold, Florian"]
[Black "Jobst, Thomas"]
[Result "1-0"]
[WhiteElo "1710"]
[BlackElo "1862"]
[PlyCount "66"]
[EventDate "2019.??.??"]
[WhiteTeam "SK Kelheim"]
[BlackTeam "SC Bavaria Regensburg von 1881"]

1. e4 c6 2. d4 d5 3. Nc3 dxe4 4. Nxe4 Nf6 5. Nxf6+ gxf6 6. Nf3 Bg4 7. Be2 e6 8.
Bf4 Bd6 9. Qd2 Qc7 10. Bxd6 Qxd6 11. O-O-O Nd7 12. Kb1 O-O-O 13. h3 Bf5 14. Bd3
Bg6 15. Rhe1 Kb8 16. Qc3 Nb6 17. Qb3 Nd5 18. Bxg6 hxg6 19. Nd2 Ka8 20. Ne4 Qe7
21. Nc5 Nf4 22. Qf3 Nd5 23. Rd3 Rb8 24. Ra3 Nc7 25. c4 Rhd8 26. Rd1 e5 27. Qe3
Ne6 28. Rxa7+ Kxa7 29. Qa3+ Kb6 30. Na4+ Kc7 31. Qxe7+ Rd7 32. Qxf6 exd4 33. c5
Rd5 1-0

[Event "OSEM 2019"]
[Site "Oberviechtach"]
[Date "2019.04.15"]
[Round "5.11"]
[White "Stöckl, Maximilian"]
[Black "Forster, Stefan"]
[Result "1/2-1/2"]
[WhiteElo "1738"]
[BlackElo "1665"]
[PlyCount "76"]
[EventDate "2019.??.??"]
[WhiteTeam "SK Schwandorf"]
[BlackTeam "ASV Burglengenfeld"]

1. d4 Nf6 2. c4 e6 3. Nf3 Bb4+ 4. Bd2 Qe7 5. a3 Bxd2+ 6. Qxd2 a5 7. Nc3 d6 8.
g3 O-O 9. Bg2 e5 10. O-O Re8 11. e4 Bg4 12. d5 Na6 13. Qc2 Nc5 14. Rae1 a4 15.
Nd2 Qd7 16. f4 exf4 17. Rxf4 Re5 18. Ref1 Bh3 19. Nf3 Rh5 20. Nh4 Bxg2 21. Qxg2
Re8 22. Qf3 Rh6 23. Nf5 Rg6 24. Nxg7 Kxg7 25. Rxf6 Re7 26. Rf4 c6 27. Ne2 Nb3
28. Kg2 Kg8 29. Qh5 Nd2 30. Rd1 Nxe4 31. Nd4 Nf6 32. Qf3 Ng4 33. Nf5 Re5 34.
Rxg4 Rxf5 35. Rxg6+ hxg6 36. dxc6 bxc6 37. Qd3 d5 38. Qc2 Qe6 1/2-1/2

[Event "OSEM 2019"]
[Site "Oberviechtach"]
[Date "2019.04.15"]
[Round "5.12"]
[White "Wetzler, Sophia"]
[Black "Fröhlich, Manuel"]
[Result "1-0"]
[WhiteElo "1682"]
[BlackElo "1652"]
[PlyCount "199"]
[EventDate "2019.??.??"]
[WhiteTeam "SC Bavaria Regensburg von 1881"]
[BlackTeam "SV OVI"]

1. e4 c5 2. Nf3 d6 3. d4 cxd4 4. Nxd4 Nf6 5. Nc3 a6 6. Be2 e5 7. Nb3 Be6 8. Bg5
Be7 9. Qd2 Nbd7 10. f4 h6 11. Bxf6 Nxf6 12. f5 Bxb3 13. axb3 O-O 14. O-O Qc7
15. Rf3 Ng4 16. h3 Qc5+ 17. Kh1 Bg5 18. Qe1 Ne3 19. Bd3 h5 20. Qg3 Bf4 21. Rxf4
exf4 22. Qxf4 d5 23. f6 d4 24. fxg7 Kxg7 25. Qg3+ Kf6 26. e5+ Ke7 27. Qg5+ Kd7
28. Ne4 Qe7 29. Nf6+ Kc8 30. Qxh5 Qb4 31. Bf5+ Kc7 32. Qf3 Rad8 33. Bd3 Qc5 34.
Qf4 Kb6 35. Ne4 Qe7 36. Nd6 Ka7 37. Qxd4+ Kb8 38. Qe4 f5 39. Qxe3 Rxd6 40. Qf4
Re6 41. Re1 Re8 42. Qxf5 Qc5 43. Qf4 Rxe5 44. Rxe5 Rxe5 45. Kh2 Ka7 46. Bc4 Rf5
47. Qg3 Rg5 48. b4 Qe7 49. Qf2+ Ka8 50. Qf4 Qg7 51. Qe4 Qc7+ 52. Kg1 Qb6+ 53.
Kh1 Qd8 54. Bd3 Qf6 55. Bxa6 Qxa6 56. Qe8+ Ka7 57. Qe3+ Ka8 58. Qxg5 Qa1+ 59.
Kh2 Qxb2 60. Qa5+ Kb8 61. c4 Qd4 62. Qc5 Qf4+ 63. g3 Qd2+ 64. Kg1 Qe1+ 65. Kg2
Qd2+ 66. Kf3 Qd3+ 67. Qe3 Qf1+ 68. Kg4 Qd1+ 69. Kh4 Qd8+ 70. Qg5 Qh8+ 71. Kg4
Qc8+ 72. Kf3 Qc6+ 73. Qd5 Qf6+ 74. Ke4 Qg6+ 75. Kd4 Qb6+ 76. Ke5 Qe3+ 77. Kd6
Qb6+ 78. Ke7 Qc7+ 79. Ke8 Qxg3 80. Qe6 Qh4 81. b5 Qh8+ 82. Kd7 Qh7+ 83. Kd6
Qd3+ 84. Qd5 Qxh3 85. b6 Qa3+ 86. Kd7 Qh3+ 87. Kd6 Qh6+ 88. Kc5 Qe3+ 89. Qd4
Qa3+ 90. Kd5 Qf3+ 91. Qe4 Qh5+ 92. Qe5+ Qxe5+ 93. Kxe5 Kc8 94. c5 Kd7 95. Kd5
Kd8 96. Kd6 Kc8 97. Ke7 Kb8 98. Kd7 Ka8 99. c6 bxc6 100. Kc7 1-0

[Event "OSEM 2019"]
[Site "Oberviechtach"]
[Date "2019.04.15"]
[Round "5.13"]
[White "Baumüller, Steffen"]
[Black "Bauer, Peter"]
[Result "1/2-1/2"]
[WhiteElo "1690"]
[BlackElo "1595"]
[PlyCount "42"]
[EventDate "2019.??.??"]
[WhiteTeam "DJK Amberg"]
[BlackTeam "SV OVI"]

1. e4 e6 2. d4 d5 3. Nc3 dxe4 4. Nxe4 Nf6 5. Bd3 Nbd7 6. Ng3 c5 7. c3 cxd4 8.
cxd4 b6 9. Nf3 Bb7 10. O-O Bd6 11. b3 O-O 12. Bb2 Rc8 13. Ne5 Qe7 14. f4 Ba3
15. Qe2 Bxb2 16. Qxb2 Nxe5 17. dxe5 Ng4 18. Ne4 Ne3 19. Rfe1 Bxe4 20. Bxe4 Nd5
21. Bxd5 Qc5+ 1/2-1/2

[Event "OSEM 2019"]
[Site "Oberviechtach"]
[Date "2019.04.15"]
[Round "5.14"]
[White "Preischl, Manfred"]
[Black "Adlhoch, Walter"]
[Result "1-0"]
[WhiteElo "1489"]
[BlackElo "1534"]
[PlyCount "93"]
[EventDate "2019.??.??"]
[WhiteTeam "TSV Nittenau"]
[BlackTeam "SK Schwandorf"]

1. c4 c5 2. g3 Nc6 3. Bg2 g6 4. Nc3 Bg7 5. e4 d6 6. Nge2 e5 7. h3 Nge7 8. O-O
O-O 9. d3 a6 10. f4 f5 11. Rb1 Rb8 12. a3 b5 13. cxb5 axb5 14. b4 cxb4 15. axb4
Qb6+ 16. Kh2 Be6 17. Nd5 Qa7 18. Be3 Nd4 19. Nxe7+ Qxe7 20. Nxd4 exd4 21. Bd2
h6 22. Qe2 Qf7 23. Rbc1 Rfc8 24. Rxc8+ Rxc8 25. Rc1 Qd7 26. Qe1 Rc7 27. Rxc7
Qxc7 28. Qc1 Qxc1 29. Bxc1 Bb3 30. exf5 gxf5 31. Bc6 Bc2 32. Bxb5 Kf8 33. Kg2
Ke7 34. Kf2 Kd8 35. Ke2 Kc7 36. Bc4 Kb6 37. Be6 Kb5 38. Bd2 Kc6 39. Bxf5 Ba4
40. Bg6 Kc7 41. Kf3 Kd7 42. g4 Ke7 43. Be4 Ke6 44. f5+ Ke5 45. Bf4+ Kf6 46.
Bxd6 Kg5 47. Be7+ 1-0

[Event "OSEM 2019"]
[Site "Oberviechtach"]
[Date "2019.04.15"]
[Round "5.15"]
[White "Horther-Schneider, Elsbeth"]
[Black "Isert, Fabian"]
[Result "1-0"]
[WhiteElo "1851"]
[BlackElo "1935"]
[PlyCount "82"]
[EventDate "2019.??.??"]
[WhiteTeam "SC Windischeschenbach"]
[BlackTeam "SC Bavaria Regensburg von 1881"]

1. e4 c5 2. Nc3 Nc6 3. f4 g6 4. Nf3 Bg7 5. d3 e6 6. g3 Nge7 7. Bg2 O-O 8. Be3
b6 9. O-O Ba6 10. Qd2 d6 11. Rab1 Qc7 12. Ne2 Rad8 13. g4 b5 14. Ng3 Nd4 15.
Ng5 Bc8 16. c3 Ndc6 17. Qe2 b4 18. f5 exf5 19. gxf5 gxf5 20. exf5 f6 21. N5e4
bxc3 22. bxc3 Ne5 23. d4 cxd4 24. cxd4 Nf7 25. Qh5 d5 26. Nc5 Nd6 27. Rf4 h6
28. Rbf1 Qc6 29. Rg4 Qe8 30. Bxh6 Ndxf5 31. Qxe8 Rfxe8 32. Nxf5 Nxf5 33. Rxf5
Bxf5 34. Rxg7+ Kh8 35. Rxa7 Rg8 36. Kf2 Rg6 37. Bf4 Rg7 38. Ra6 Rf7 39. a4 Kg7
40. a5 Be4 41. Bxe4 dxe4 1-0

[Event "OSEM 2019"]
[Site "Oberviechtach"]
[Date "2019.04.15"]
[Round "5.16"]
[White "Baumer, Johannes"]
[Black "Kaltschmidt, Andreas"]
[Result "1-0"]
[WhiteElo "1734"]
[BlackElo "1670"]
[PlyCount "121"]
[EventDate "2019.??.??"]
[WhiteTeam "SV OVI"]
[BlackTeam "SK Weiden"]

1. e4 e5 2. f4 d5 3. exd5 c6 4. d3 cxd5 5. Nf3 exf4 6. Bxf4 Nf6 7. Nbd2 Be7 8.
Nb3 Nc6 9. h3 h6 10. Qd2 Be6 11. Nbd4 Bd6 12. Nxe6 fxe6 13. O-O-O Qc7 14. g3
O-O-O 15. Bg2 e5 16. Be3 Rhe8 17. Nh4 e4 18. g4 d4 19. Bxh6 gxh6 20. Qf2 Bf4+
21. Kb1 e3 22. Qf3 Bg5 23. Ng6 Ne5 24. Nxe5 Rxe5 25. h4 e2 26. Rde1 Bd2 27.
Qxf6 Bxe1 28. Rxe1 Qd6 29. Qf7 Qd7 30. Qf6 Qe6 31. Qxe6+ Rxe6 32. Be4 Rf8 33.
Bf5 Rxf5 34. gxf5 Rf6 35. Rxe2 Rxf5 36. c3 dxc3 37. bxc3 Rf4 38. Re4 Rf5 39.
Kc2 Kd7 40. d4 Kd6 41. Kb3 Rb5+ 42. Kc4 Ra5 43. Rg4 Rxa2 44. Rg6+ Kd7 45. Rxh6
Rb2 46. Kd5 Ke7 47. c4 a5 48. Rh8 Rh2 49. Rh7+ Kd8 50. Kd6 Ke8 51. c5 Rb2 52.
Rh8+ Kf7 53. Ra8 Rb4 54. Ke5 a4 55. h5 Kg7 56. d5 Rh4 57. h6+ Rxh6 58. Rxa4 Kf8
59. Rb4 Rh7 60. c6 bxc6 61. dxc6 1-0

[Event "OSEM 2019"]
[Site "Oberviechtach"]
[Date "2019.04.15"]
[Round "5.17"]
[White "Karner, Carl-Philipp"]
[Black "Achhammer, Michael"]
[Result "0-1"]
[WhiteElo "1578"]
[BlackElo "1580"]
[PlyCount "36"]
[EventDate "2019.??.??"]
[WhiteTeam "ASV Burglengenfeld"]
[BlackTeam "FC Mintraching"]

1. d4 c6 2. Nf3 d5 3. e3 Nf6 4. Bd3 Bg4 5. Nbd2 e6 6. b3 Bb4 7. O-O Bc3 8. Rb1
Qa5 9. a3 c5 10. dxc5 Qxc5 11. Be2 O-O 12. Nd4 Bxe2 13. Nxe2 Be5 14. Nf3 Bd6
15. b4 Qc7 16. Ned4 a6 17. Bb2 Nbd7 18. Qd3 e5 0-1